| 000 | 00734nam a2200181 i 4500 | ||
|---|---|---|---|
| 001 | 182327 | ||
| 003 | ES-MaACL | ||
| 005 | 20230906221601.0 | ||
| 008 | 130805s1992 sp |||| | spa d | ||
| 100 | 0 |
_aGómez-Tabanera, José Manuel, _d1926-2011 _958165 |
|
| 245 | 1 | 0 |
_aFolklore, etnografía y etnología en Asturias / _cJosé M. Gómez-Tabanera. |
| 260 |
_aBarcelona : _bBoixareu Universitaria, _cD.L. 1992. |
||
| 300 |
_aP. 73-86 ; _c21 cm. |
||
| 595 | _aSeparata de la publicación: Historia de la antropología española / Ángel Aguirre Baztán (ed.) | ||
| 650 | 4 |
_aAntropología cultural y social- _zAsturias (Comunidad Autónoma) _9151380 |
|
| 852 |
_aES-MaACL _j2317-F-29 _q.- Ejemplar fotocopiado |
||
| 999 |
_c182327 _d182327 |
||